African Diaspora - Cities - Statistics

General Stats
  • This quiz has been taken 288 times
  • The average score is 10 of 18
Answer Stats
# City % % Correct
2,228,145 New York City 27.3
96%
1,275,135 London 15.6
88%
3,031,301 Rio de Janeiro 48.0
80%
4,169,301 São Paulo 37.0
78%
913,009 Chicago 33.9
68%
1,437,954 Brasília 55.9
61%
1,173,005 Port-au-Prince 95.0
50%
1,236,322 Belo Horizonte 52.1
49%
876,157 Havana 41.6
49%
2,126,261 Salvador 79.5
48%
882,463 Recife 57.4
45%
772,032 Santo Domingo 80.0
45%
1,143,626 Kingston 92.0
44%
1,298,099 Manaus 72.0
40%
1,514,103 Fortaleza 61.7
38%
686,870 Philadelphia 45.0
34%
999,829 Belém 71.8
33%
706,591 São Luís 69.6
15%
No matching quizzes found
Score Distribution
Percent of People with Each Score
Percentile by Number Answered
Your Score History
You have not taken this quiz